Yo creo en la iglesia

Zapisane w:
Opis bibliograficzny
1. autor: Semmelroth, Otto (Autor)
Format: Książka
Język:hiszpański
Wydane: Madrid Guadarrama 1962
Seria:Colección Cristianismo y Hombre Actual, 16
Hasła przedmiotowe:
Etykiety: Dodaj etykietę
Nie ma etykietki, Dołącz pierwszą etykiete!

MARC

LEADER 00000nam a2200000 a 4500
001 UCR1811
003 CL-VaPUC
008 971219e19620000SP |||||||||||||||||spa|d
082 0 4 |a 260  |b SEM  |2 21 
100 0 |a Semmelroth, Otto  |e author  |9 399324 
245 1 0 |a Yo creo en la iglesia 
300 |a 188 p 
942 |c BK 
945 |d 19971219 00:00:00  |a jquezada 
260 |a Madrid  |b Guadarrama  |c 1962 
600 0 |a Iglesia católica  |9 255129 
650 0 |a Teología social  |9 326726 
650 0 |a Fe  |9 308036 
650 0 |a Escatología  |9 314395 
650 0 |a Sociedad  |9 307903 
583 |a last modification  |c 19971219 00:00:00  |k Rodrigo Vera 
490 0 |a Colección Cristianismo y Hombre Actual, 16 
999 |c 265174  |d 265172 
952 |0 0  |1 0  |4 0  |6 260_000000000000000_SEM_1962  |7 0  |8 A  |9 295997  |a BIBTEO  |b BIBTEO  |d 2019-11-20  |i 3372049  |o 260 SEM 1962  |p 3372049  |r 2025-01-17  |w 2019-11-20  |y BK  |k ICR 
952 |0 0  |1 0  |4 0  |6 260_000000000000000_SEM_1962  |7 0  |8 A  |9 295998  |a BIBTEO  |b BIBTEO  |d 2019-11-20  |i 3372057  |o 260 SEM 1962  |p 3372057  |r 2025-01-17  |w 2019-11-20  |y BK  |k ICR